000 00440nam a2200205Ia 4500
001 14375
003 GE_BSU
008 181216s||||||||xx |||||||||||||| ||und||
020 _a9780007350452
040 _cGE_BSU
080 _a821.111-31
100 _aAhern,Cecelia
245 4 _aThe time of My Life
260 _aLondon
260 _bHarper
260 _c2011
300 _a492p.20cm.
653 _aThe time of My Life
942 _cBK
999 _c47511
_d47511